[Event "Main Vogelsberg op 4th"]
[Site "Heusenstamm"]
[Date "2009.04.30"]
[Round "1"]
[White "Klyszcz, Manfred"]
[Black "Prudlo, Simon"]
[Result "0-1"]
[WhiteElo "1628"]
[BlackElo "2238"]
[PlyCount "60"]
[EventDate "2009.04.30"]
[EventType "swiss"]
[EventRounds "7"]
[EventCountry "GER"]
[SourceTitle "CBM 130 Extra"]
[Source "ChessBase"]
[SourceDate "2009.07.02"]
[SourceVersion "2"]
[SourceVersionDate "2009.07.15"]
[SourceQuality "1"]

1. e4 e6 2. d4 d5 3. Nd2 Nf6 4. e5 Nfd7 5. Bd3 c5 6. c3 Nc6 7. Ne2 cxd4 8. cxd4 f6 9. f4 fxe5 10. fxe5 Nxd4 11. Nxd4 Qh4+ 12. g3 Qxd4 13. Qh5+ Kd8 14. Be2 Qxe5 15. 0-0 Bc5+ 16. Kg2 Qxh5 17. Bxh5 Nf6 18. Be2 Bd7 19. Nf3 Rf8 20. Ne5 Rc8 21. Bg5 Bd4 22. Nxd7 Kxd7 23. Bb5+ Kd6 24. Bd3 Ne4 25. Bc1 Rxf1 26. Bf4+ Rxf4 27. gxf4 b6 28. Rd1 e5 29. Kf3 Rf8 30. Bxe4 Rxf4+ 0-1